| 000 | 00315nam a22001337a 4500 | ||
|---|---|---|---|
| 020 | _a9789695730010 | ||
| 040 | _cNUST | ||
| 082 |
_a641.57 _bZAK |
||
| 100 |
_aZakir Qureshi _981010 |
||
| 245 | _a Chef Zakir Special | ||
| 260 |
_aLAHORE _b Jahangir Book Depot _c2009 |
||
| 650 |
_aCooking _981580 |
||
| 942 |
_2ddc _cBK |
||
| 999 |
_c585993 _d585993 |
||